|
|
|
|
| LEADER |
00000nab a2200000ua 4500 |
| 001 |
vtls010782833 |
| 003 |
SK-MaSNL |
| 005 |
20260303102827.0 |
| 008 |
230121s2011 xo |||||||||||||||||slo| |
| 035 |
|
|
|a (urnnbn)urn:nbn:sk:snk:ar-a01tnj
|
| 035 |
|
|
|a (uuid)3905aee5-0dbd-44e3-a737-cebe3e445404
|
| 035 |
|
|
|a urn:nbn:sk:snk-ab4gf5
|
| 040 |
|
|
|a SNKBUCL
|b slo
|c SNKBUCL
|e AACR2
|
| 041 |
0 |
|
|a slo
|
| 044 |
|
|
|a xo
|c SK
|
| 100 |
1 |
|
|a Šťavinová, Iveta
|4 aut
|9 446887
|
| 245 |
1 |
0 |
|a Keď bezpečnosť databázy visí na vlásku
|c Iveta Šťavinová, Pavol Lupták
|
| 700 |
1 |
|
|a Lupták, Pavol
|4 aut
|9 45412
|
| 773 |
0 |
|
|t InfoWare : magazín IT profesionálov
|g Roč. 7, č. 4 (2011), s. 20-21
|
| 954 |
|
|
|a odborná, vedecká literatúra pôvodná (slovenská)
|2 lita
|
| 958 |
|
|
|a OND
|
| 958 |
|
|
|a EUIPO
|
| 958 |
|
|
|a article3
|
| 999 |
|
|
|c 1845274
|d 1847204
|